Grundlagen der Finanzwirtschaft Analyse, Entscheidung und Umsetzung

Salvato in:
Dettagli Bibliografici
Autore principale: Berk, Jonathan
Altri autori: DeMarzo, Peter
Natura: Libro
Lingua:tedesco
Pubblicazione: München PEARSON 2011
Soggetti:
Tags: Aggiungi Tag
Nessun Tag, puoi essere il primo ad aggiungerne!!

MARC

LEADER 00000nam a2200000 4500
001 0186338
005 20221108071242.1
020 |a 978-3-86894-075-6 
041 0 |a ger 
044 |a DE 
245 1 0 |a Grundlagen der Finanzwirtschaft  |b Analyse, Entscheidung und Umsetzung  |c Jonathan Berk, Peter DeMarzo 
264 1 |a München  |b PEARSON  |c 2011 
300 |a 807 s. 
610 2 0 |a financie podnikové 
610 2 0 |a rozhodovanie finančné 
610 2 0 |a politika finančná 
610 2 0 |a rozhodovanie podnikové 
610 2 0 |a optimalizácia rozhodovania 
610 2 0 |a investori 
610 2 0 |a formy podnikov 
610 2 0 |a manažment finančný 
610 2 0 |a informácie 
610 2 0 |a zdroje informácií 
610 2 0 |a bilancie 
610 2 0 |a podnik 
100 1 |a Berk, Jonathan 
700 1 |a DeMarzo, Peter